000 01228cam a22002771i 4500
003 SA-RiAUC
005 20251228083639.0
008 251225s2002 su o g 000r0 ara c
040 _aSA-JeALM
_bara
_cSA-RiAUC
_erda
043 _aa-su---
050 4 _b.S28 2002
082 0 4 _a252.5
090 _a252.5
_bس ع و
110 1 _aالسعودية.
_bوزارة الإعلام.
_bالشؤون الإعلامية
_eمؤلف.
245 1 0 _aفي خدمة ضيوف الرحمن /
_cوزارة الإعلام ، الشؤون الإعلامية .
264 1 _aالرياض :
_bوزارة الإعلام .
_bدار الموسوعة العربية للنشر والتوزيع .
_c1992
300 _a176 صفحة :
_bصور ؛
_c24 سم
336 _aنص
_btxt
_2rdacontent
_3كتاب
337 _aبدون وسيط
_bn
_2rdamedia
610 2 7 _aالمسجد الحرام
_2aucnm
610 2 7 _aالمسجد النبوي الشريف
_2aucnm
650 7 _aالأماكن المقدسة الإسلامية
_zالسعودية
_2aucsh
650 7 _aالحجاج
_xخدمات لـ
_zالسعودية
_yفهد بن عبد العزيز، 1402-1426 هجري
_2aucsh
942 _2ddc
_cBOOK
_n0
949 _aSA-JeALM
_d251225
_uosman123
_n1
999 _c13746
_d13746